[Event "Bloemfontein-ch op"]
[Site "Bloemfontein"]
[Date "2018.07.12"]
[Round "8"]
[White "Mashibini, Luyanda"]
[Black "Kheswa, Itumeleng"]
[Result "1-0"]
[WhiteElo "1646"]
[BlackElo "1580"]
[PlyCount "142"]
[EventDate "2018.07.07"]
[EventType "swiss"]
[EventRounds "11"]
[EventCountry "RSA"]
[SourceTitle "EXT 2019"]
[Source "ChessBase"]
[SourceDate "2018.10.10"]
[SourceVersion "1"]
[SourceVersionDate "2018.10.10"]
[SourceQuality "1"]

1. e4 c5 2. d4 cxd4 3. c3 d3 4. Bxd3 d6 5. Nf3 Nf6 6. 0-0 e5 7. c4 Be7 8. Nc3 0-0 9. h3 Nbd7 10. Nd5 h6 11. Nxe7+ Qxe7 12. Nh2 Nc5 13. Qe2 a5 14. Bc2 Bd7 15. f3 Rac8 16. Be3 Nh5 17. Rfd1 Rfd8 18. Qd2 Be6 19. b3 b6 20. Qf2 Qf6 21. Rd2 Rd7 22. Rad1 Rcd8 23. a3 Nf4 24. b4 axb4 25. axb4 Na6 26. Bxf4 exf4 27. Ba4 Rb7 28. Bc6 Rbb8 29. b5 Nc5 30. Rc2 Kf8 31. Ng4 Qe7 32. Qd2 Bxg4 33. hxg4 Qe5 34. Qc1 Nb3 35. Qa3 Nd4 36. Rcd2 Qc5 37. Qxc5 dxc5 38. Bd5 Nb3 39. Rb2 Na5 40. Rc1 Ke7 41. Kf2 Kf6 42. Rh1 Rh8 43. Re2 Rbe8 44. g3 fxg3+ 45. Kxg3 Nb3 46. f4 Ke7 47. Rb1 Na5 48. Rh2 f6 49. Re2 Kd6 50. Rbe1 h5 51. e5+ fxe5 52. fxe5+ Ke7 53. Rh1 hxg4 54. Reh2 Rxh2 55. Rxh2 Nb3 56. Kxg4 Nd4 57. Ra2 Rb8 58. Ra7+ Kd8 59. Rxg7 Rc8 60. Kg5 Rc7 61. Rg6 Re7 62. Kf4 Kc7 63. Rg8 Rd7 64. e6 Re7 65. Ke5 Rh7 66. Ra8 Rh5+ 67. Kf6 Rf5+ 68. Kg6 Re5 69. Ra7+ Kd8 70. Rb7 Nxb5 71. Kf6 Rf5+ 1-0

[Event "South African op"]
[Site "Durban"]
[Date "2017.07.14"]
[Round "1"]
[White "Mpya, Tshediso M"]
[Black "Kheswa, Itumeleng"]
[Result "1-0"]
[WhiteElo "1897"]
[BlackElo "1513"]
[PlyCount "69"]
[EventDate "2017.07.14"]
[EventType "swiss"]
[EventRounds "11"]
[EventCountry "RSA"]
[SourceTitle "EXT 2018"]
[Source "ChessBase"]
[SourceDate "2017.10.13"]
[SourceVersion "1"]
[SourceVersionDate "2017.10.13"]
[SourceQuality "1"]

1. d4 e6 2. Nf3 d5 3. Bf4 Bd6 4. Ne5 Nd7 5. e3 Nxe5 6. dxe5 Be7 7. Bd3 c5 8. Qg4 g6 9. c3 Bd7 10. h4 f5 11. exf6 Bxf6 12. Qg3 c4 13. Bc2 Qb6 14. b3 cxb3 15. axb3 Rc8 16. 0-0 Kf7 17. h5 Ne7 18. Qf3 Nf5 19. g4 Nh4 20. Qd1 gxh5 21. g5 e5 22. Qxh5+ Ng6 23. gxf6 exf4 24. Qxd5+ Be6 25. Qd4 Qc7 26. Bxg6+ hxg6 27. Qxf4 Qc5 28. Nd2 Qh5 29. f3 Rcd8 30. Ne4 Bf5 31. Rxa7 Bxe4 32. Qc7+ Kxf6 33. fxe4+ Ke6 34. Qf7+ Kd6 35. Rf6+ 1-0

[Event "RSA-ch U20"]
[Site "Bloemfontein"]
[Date "2016.03.26"]
[Round "11"]
[White "Kheswa, Itumeleng"]
[Black "Joon, Gavin"]
[Result "1-0"]
[WhiteElo "1388"]
[BlackElo "1145"]
[PlyCount "55"]
[EventDate "2016.03.20"]
[EventType "swiss"]
[EventRounds "11"]
[EventCountry "RSA"]
[SourceTitle "CBM 171 Extra"]
[Source "ChessBase"]
[SourceDate "2016.04.26"]
[SourceVersion "1"]
[SourceVersionDate "2016.04.26"]
[SourceQuality "1"]

1. e4 e6 2. d4 d5 3. Nd2 Nf6 4. e5 Nfd7 5. f4 c5 6. c3 Nc6 7. Ndf3 Qb6 8. Ne2 cxd4 9. cxd4 Qc7 10. a3 b5 11. b4 a6 12. Bd2 Nb6 13. Ng3 Bb7 14. Bd3 g6 15. 0-0 Be7 16. Kh1 h5 17. Ne2 Nc4 18. Qb1 Rg8 19. Be1 Ne3 20. Rg1 0-0-0 21. Bd2 Ng4 22. Qe1 Rh8 23. h3 Rdg8 24. a4 a5 25. axb5 axb4 26. Rf1 Nh6 27. Nc1 Nf5 28. Nb3 1-0

[Event "RSA-ch U20"]
[Site "Bloemfontein"]
[Date "2016.03.22"]
[Round "4"]
[White "Jansen, Lyle John"]
[Black "Kheswa, Itumeleng"]
[Result "0-1"]
[WhiteElo "1269"]
[BlackElo "1388"]
[PlyCount "75"]
[EventDate "2016.03.20"]
[EventType "swiss"]
[EventRounds "11"]
[EventCountry "RSA"]
[SourceTitle "CBM 171 Extra"]
[Source "ChessBase"]
[SourceDate "2016.04.26"]
[SourceVersion "1"]
[SourceVersionDate "2016.04.26"]
[SourceQuality "1"]

1. e4 c5 2. Nf3 e6 3. Nc3 h6 4. d4 cxd4 5. Nxd4 d6 6. Bf4 Nf6 7. Nf3 Nbd7 8. Bg5 Be7 9. Bxf6 Nxf6 10. Bd3 b5 11. 0-0 0-0 12. Qe2 Qc7 13. Rad1 Bb7 14. Rfe1 Rad8 15. Qe3 d5 16. exd5 Nxd5 17. Qe4 g6 18. Nxd5 Bxd5 19. Qg4 Bf6 20. b3 h5 21. Qh3 Qf4 22. Qg3 Qxg3 23. hxg3 Rc8 24. Ne5 Bxe5 25. Rxe5 Kg7 26. Rd2 Rfd8 27. Ree2 f5 28. a4 bxa4 29. Ba6 Ra8 30. Bc4 Bxc4 31. bxc4 Rxd2 32. Rxd2 a3 33. Rd1 e5 34. Ra1 Kf6 35. Kf1 e4 36. Ke2 Ke5 37. Ke3 a2 38. c5 0-1

[Event "RSA-ch U20"]
[Site "Bloemfontein"]
[Date "2016.03.21"]
[Round "2"]
[White "Mqakamba, Mihle"]
[Black "Kheswa, Itumeleng"]
[Result "0-1"]
[WhiteElo "1212"]
[BlackElo "1388"]
[PlyCount "27"]
[EventDate "2016.03.20"]
[EventType "swiss"]
[EventRounds "11"]
[EventCountry "RSA"]
[SourceTitle "CBM 171 Extra"]
[Source "ChessBase"]
[SourceDate "2016.04.26"]
[SourceVersion "1"]
[SourceVersionDate "2016.04.26"]
[SourceQuality "1"]

1. d4 d5 2. c4 e6 3. Nc3 Nf6 4. Nf3 c5 5. Bg5 Nbd7 6. cxd5 cxd4 7. Nxd4 exd5 8. Nxd5 Qa5+ 9. Nc3 Qxg5 10. g3 Bb4 11. Qb3 Bxc3+ 12. bxc3 0-0 13. Bg2 Nc5 14. Qb4 0-1